000 00522nam a2200145 a 4500
008 120416s1975 ||||||||||||||||| || u
050 _aHF 5549 Mos
100 _aMosley, Donald C
245 1 0 _aManagement: the art of working with and through people
260 _aEncino
_bDickenson
_c1975
300 _ax, 239p. : ill
350 _a0.00
650 0 _aMANAGEMENT
995 _D0.00
_FCBU-MAIN LIBRARY (Kitwe)
_H1
_I0.00
_UDAMAGED
_WJun 3, 2009
_ZMain Library Open Access Collection
999 _c50039
_d50039